New rules @ works : 79 etiquette tips, tools, and techniques to get ahead and stay ahead

Bibliographic Details
Main Author: Pachter, Barbara
Other Authors: Coleman, Ellen Schneid
Format: Book
Published: New York : Prentice Hall Press , 2006
Subjects:

MARC

LEADER 00000cam a2200000 7i4500
001 0000025315
005 20090218.0
008 090218
020 |a 0735204071 
090 0 0 |a 395.52   |b PAC 
100 1 |a Pachter, Barbara 
245 1 0 |a New rules @ works :   |b 79 etiquette tips, tools, and techniques to get ahead and stay ahead   |c Barbara Pachter 
260 |a New York :   |b Prentice Hall Press ,   |c 2006 
650 0 |a Business communication 
650 0 |a Business etiquette 
700 1 |a Coleman, Ellen Schneid 
999 |a 0001039277   |b Book   |c Adult Collection   |e Perbadanan Perpustakaan Awam Johor